000 01191nam0a22002771 4500
001 v19\rc\1709067
005 20250619033209.0
035 _a(NLR Aleph) 004809293
090 _a4911361
_c4911361
100 _a20061002d1899 |||y0rusy50 ca
101 0 _arus
102 _aRU
105 _aa z |||||
200 1 _aНаставление к употреблению сепаратора "Альфа-Пони" с передаточным станком
_f"Людвиг Нобель". Петербург
210 _a[Санкт-Петербург]
_dценз. 1899
215 _a38 с.
_cил.
225 1 _aСепараторы Альфа-Лаваль
_vИюнь 1899. № 104
532 1 3 _aНаставление к употреблению сепаратора Альфа-Пони с передаточным станком
702 1 _4570
_7ca
_8rus
_aНобель
_bЛ.
_f1831-1888
_gЛюдвиг
_9213048
_3RU\NLR\AUTH\770213104
710 0 2 _aМашиностроительный завод Л. Нобель
_cПетербург
801 0 _aRU
_bNLR
_gpsbo
801 0 _aRU
_bRuMoRGB
_2psbo
801 1 _aRU
_bProSoft-M
_2rusmarc
852 _aNLR
_j20.60.3.361
942 _cBOOK
980 _aNB